Statistics for [Geometry Dash] All KrMaL (Krazyman50) levels

Click here to take the quiz!

General Stats

  • This quiz has been taken 839 times
    (837 since last reset)
  • The average score is 11 of 17

Answer Stats

HintAnswer% Correct
An invisible version of a RopTop demon (#1), the only rated oneInvisible Deadlocked
88%
Currently his hardest demon, introduced Creo into the GD communityBlack Blizzard
87%
An invisible version of a RopTop demon (#3)Invisible Clubstep
85%
An invisible version of a RopTop demon (#2)Invisible ToE2
81%
Possibly his most famous level, popularised a certain Hinkik songFalling Up
80%
Shares its name with a form of greetingHi
73%
A unique red themed level, which many people claim to be impossible on 144HzHeartbeat
67%
A relatively empty level with one well designed aspect, end with you beaten digestedHungry Humphrey
66%
A GDG/LE megacollab of which Krazyman verified after a hacking scandalPhobos
66%
An extension of the level 'Sneezing Cats', with the worst deco of any Krazyman levelConical Depression
60%
A 2.0 remake of one of his own old levels, and shares a similar name to the originalRearmed
56%
A joke level with misheard lyrics throughout the levelDon't Rate This Level
51%
Considered his easiest demon, with a prominent rainbow theme throughoutLit Fuse
51%
A collab with a creator of whom the level was named afterM A N I X
48%
A Rebirth of an old level with 2.0 designElite Z Rebirth
45%
A megacollab with a Donald Trump quote at the endValor
39%
One of two non demon levels, has poorly designed straight fly at the endAlive
28%

Score Distribution

Percentile by Number Answered

Percent of People with Each Score

Your Score History

You have not taken this quiz since the last reset